|
|
|
|
| LEADER |
01769nam a2200409 a 4500 |
| 001 |
EBC1741733 |
| 003 |
MiAaPQ |
| 005 |
20200520144314.0 |
| 006 |
m o d | |
| 007 |
cr cn||||||||| |
| 008 |
000719s1999 enka sb 001 0 eng d |
| 010 |
|
|
|z 00362831
|
| 020 |
|
|
|z 1874719160 (acid-free paper)
|
| 020 |
|
|
|z 9781874719168
|
| 020 |
|
|
|a 9781907643194 (electronic bk.)
|
| 035 |
|
|
|a (MiAaPQ)EBC1741733
|
| 035 |
|
|
|a (Au-PeEL)EBL1741733
|
| 035 |
|
|
|a (CaPaEBR)ebr10650086
|
| 035 |
|
|
|a (OCoLC)828869177
|
| 040 |
|
|
|a MiAaPQ
|c MiAaPQ
|d MiAaPQ
|
| 050 |
|
4 |
|a GE300
|b .S86 1999
|
| 082 |
0 |
4 |
|a 658.4/08
|2 21
|
| 245 |
0 |
0 |
|a Sustainable measures
|h [electronic resource] :
|b evaluation and reporting of environmental and social performance /
|c edited by Martin Bennett and Peter James, with Leon Klinkers.
|
| 260 |
|
|
|a Sheffield, U.K. :
|b Greenleaf Pub.,
|c 1999.
|
| 300 |
|
|
|a 586 p. :
|b ill.
|
| 504 |
|
|
|a Includes bibliographical references (p. [551]-568) and index.
|
| 505 |
0 |
|
|a section 1. Evaluating environmental performance -- section 2. Reporting environmental performance -- section 3. Social and sustainability performance evaluation and reporting.
|
| 533 |
|
|
|a Electronic reproduction. Ann Arbor, MI : ProQuest, 2015. Available via World Wide Web. Access may be limited to ProQuest affiliated libraries.
|
| 650 |
|
0 |
|a Environmental management
|x Evaluation.
|
| 650 |
|
0 |
|a Sustainable development
|x Evaluation.
|
| 650 |
|
0 |
|a Social responsibility of business
|x Evaluation.
|
| 655 |
|
4 |
|a Electronic books.
|
| 700 |
1 |
|
|a Bennett, Martin
|q (Martin D.)
|
| 700 |
1 |
|
|a James, Peter,
|d 1953-
|
| 700 |
1 |
|
|a Klinkers, Leon.
|
| 710 |
2 |
|
|a ProQuest (Firm)
|
| 856 |
4 |
0 |
|u https://ebookcentral.proquest.com/lib/matrademy/detail.action?docID=1741733
|z Click to View
|